000 01160nam a22002657a 4500
005 20170124102948.0
010 _aA-810777
020 _c100.00
_a8171450857
035 _aA-810777
037 _bCen Lib/Ret
040 _aDPL
_bHN
082 _a821
_bसुमन
100 _a
_950687
245 _aसुमन संचयन :
_cसंपादक चेतनदुबे अनिल
_bशिवमंगल सिंह की 80 कवितायेँ /
246 _asuman sanchyan :shivmangalsingh ki 80 kavitayen
_bsampadak Chetan Dubey Anil
260 _a दिल्ली
_bसन्मार्ग प्रकाशन
_c1996
270 _a16,यु.बी.बंगला रोड
_b दिल्ली
_e110007
300 _a160पृष्ठ.
_c20सेमी (सजिल्द)
650 _aहिंदी साहित्य
_950688
650 _aछायावादी कविताएँ
_950689
650 _ahindi literature
_950690
650 _aChhayawadi poetry
_945260
700 _950544
_a अनिल, चेतन दुबे
942 _2ddc
_cHN
_h821
_mसुमन
999 _c113113
_d113113